|
|
|
|
| LEADER |
00000nas a2200000 a 4500 |
| 001 |
ssj0001454157 |
| 003 |
WaSeSS |
| 005 |
20200512172242.0 |
| 006 |
m d |
| 007 |
cr n |
| 008 |
070821c20109999nyuqr p s | a0eng c |
| 010 |
|
|
|a 2007212265
|z sn 98007908
|
| 022 |
|
|
|y 1939-5809
|
| 035 |
|
|
|a (WaSeSS)ssj0001454157
|
| 037 |
|
|
|b Nova Science Publishers, 400 Oser Ave., Ste. 1600, Hauppauge, NY 11788-3619
|
| 040 |
|
|
|a NSD
|b eng
|c NSD
|d NSD
|d DLC
|d OCLCQ
|d OCLCF
|d OCLCO
|d OCL
|d OCLCO
|d OCL
|d ORU
|d WaSeSS
|
| 042 |
|
|
|a pcc
|a nsdp
|
| 043 |
|
|
|a aw-----
|
| 050 |
0 |
0 |
|a DS41
|b .C875
|
| 082 |
1 |
0 |
|a 956
|2 14
|
| 222 |
|
0 |
|a Current politics and economics of the Middle East
|
| 245 |
0 |
0 |
|a Current politics and economics of the Middle East
|h [electronic resource].
|
| 260 |
|
|
|a Hauppauge, NY :
|b Nova Science Publishers
|
| 310 |
|
|
|a Quarterly
|
| 362 |
1 |
|
|a Began with vol. 1, issue 1/2 (2010).
|
| 506 |
|
|
|a License restrictions may limit access.
|
| 588 |
|
|
|a Description based on: Vol. 1, issue 1/2 (2010); title from cover.
|
| 588 |
|
|
|a Latest issue consulted: Vol. 1, issue 3/4 (2010).
|
| 648 |
|
7 |
|a 2000-2099
|2 fast
|
| 650 |
|
7 |
|a Economic history.
|2 fast
|0 (OCoLC)fst00901974
|
| 650 |
|
7 |
|a International relations.
|2 fast
|0 (OCoLC)fst00977053
|
| 650 |
|
7 |
|a Politics and government
|2 fast
|0 (OCoLC)fst01919741
|
| 651 |
|
0 |
|a Middle East
|x Politics and government
|v Periodicals.
|
| 651 |
|
0 |
|a Middle East
|x Economic conditions
|y 21st century
|v Periodicals.
|
| 651 |
|
0 |
|a United States
|x Relations
|z Arab countries
|v Periodicals.
|
| 651 |
|
7 |
|a Arab countries.
|2 fast
|0 (OCoLC)fst01240128
|
| 651 |
|
7 |
|a Middle East.
|2 fast
|0 (OCoLC)fst01241586
|
| 651 |
|
7 |
|a United States.
|2 fast
|0 (OCoLC)fst01204155
|
| 655 |
|
0 |
|a Electronic journals.
|
| 850 |
|
|
|a DLC
|
| 856 |
4 |
0 |
|z Full text available from Research Library: 01/01/2011 to present
|u https://search.proquest.com/publication/2034880
|